<?xml version="1.0" encoding="UTF-8"?>
<record
    xmlns:xsi="http://www.w3.org/2001/XMLSchema-instance"
    xsi:schemaLocation="http://www.loc.gov/MARC21/slim http://www.loc.gov/standards/marcxml/schema/MARC21slim.xsd"
    xmlns="http://www.loc.gov/MARC21/slim">

  <leader>02898cam a22004334i 4500</leader>
  <controlfield tag="003">PE-LiUPU</controlfield>
  <controlfield tag="005">20250731184549.0</controlfield>
  <controlfield tag="008">150625s                r     000 0     d</controlfield>
  <datafield tag="035" ind1=" " ind2=" ">
    <subfield code="a">(Sirsi) a33296</subfield>
  </datafield>
  <datafield tag="040" ind1=" " ind2=" ">
    <subfield code="a">PE-LiUPU</subfield>
    <subfield code="b">spa</subfield>
    <subfield code="c">PE-LiUPU</subfield>
    <subfield code="e">rda</subfield>
  </datafield>
  <datafield tag="082" ind1="0" ind2="4">
    <subfield code="a">985.061</subfield>
    <subfield code="b">G993c</subfield>
    <subfield code="2">21</subfield>
  </datafield>
  <datafield tag="100" ind1="1" ind2=" ">
    <subfield code="a">Guzman Palomino, Luis,</subfield>
    <subfield code="e">autor.</subfield>
  </datafield>
  <datafield tag="245" ind1="1" ind2="0">
    <subfield code="a">Campa&#xF1;a de La Bre&#xF1;a :</subfield>
    <subfield code="b">colecci&#xF3;n de documentos in&#xE9;ditos; 1881-1884 /</subfield>
    <subfield code="c">compilador Luis Guzm&#xE1;n Palomino.</subfield>
  </datafield>
  <datafield tag="264" ind1=" " ind2="1">
    <subfield code="a">Lima :</subfield>
    <subfield code="b">Militares del Per&#xFA;,</subfield>
    <subfield code="c">1990.</subfield>
  </datafield>
  <datafield tag="300" ind1=" " ind2=" ">
    <subfield code="a">400 p&#xE1;ginas :</subfield>
    <subfield code="b">ilustrado, diagramas ;</subfield>
    <subfield code="c">21 cent&#xED;metros.</subfield>
  </datafield>
  <datafield tag="336" ind1=" " ind2=" ">
    <subfield code="a">text</subfield>
    <subfield code="2">rdacontent</subfield>
  </datafield>
  <datafield tag="337" ind1=" " ind2=" ">
    <subfield code="a">unmediated</subfield>
    <subfield code="2">rdamedia</subfield>
  </datafield>
  <datafield tag="338" ind1=" " ind2=" ">
    <subfield code="a">volume</subfield>
    <subfield code="2">rdacarrier</subfield>
  </datafield>
  <datafield tag="505" ind1="0" ind2=" ">
    <subfield code="a">Documentos: La situaci&#xF3;n en Lima, C&#xE1;ceres en Tarma, Pi&#xE9;rola asciende a C&#xE1;ceres, apat&#xED;a y hostilidad hacia C&#xE1;ceres, rebeli&#xF3;n de Ponciano Lira en Jauja, vistoria patriota en San Mateo, encuentrros de avanzadas en Jauja, C&#xE1;ceres denuncia intentos  de sabotaje, C&#xE1;ceres sugiere a Pi&#xE9;rola que se traslade a Matucana, Manifiesto del General andr&#xE9;s Avelino C&#xE1;ceres, la gran cuesti&#xF3;n Nacional, organizaci&#xF3;n del partido nacional, correspondecia para la unificaci&#xF3;n Nacional, C&#xE1;ceres prepara ataque a Huancayo, carta en clave:sublevaci&#xF3;n india,apresan en Lima a presuntos socialistas, C&#xE1;ceres ordena que indios sean exhonerados de impuestos, elogio dee C&#xE1;ceres y guerrilleros a Ica y Huarochiri, sublevaci&#xF3;n india en Ayacucho, Montero no contesta cartas de C&#xE1;ceres, Morales Berm&#xFA;dez dice que indios rebeldes de Ayacucho son comunistas, opini&#xF3;n de traidores sobre holocausto patriota en Huamachuco, C&#xE1;ceres exige a Montero el ej&#xE9;rcito de Arequipa, C&#xE1;ceres y las cclases sociales frente a la guerra, duros cargos de C&#xE1;ceres contra iglesias,  guerrillas indios de Ayacucho ocupan casi todas las haciendasy proclaman un Inca, asesinato de hacendados, C&#xE1;ceres recibe reliquia hist&#xF3;rica y reitera que no rendir&#xE1; su espada, regreso de pi&#xE9;rolael ej&#xE9;rcito de Centro al final de Bre&#xF1;aJauja en poder de patriotas, C&#xE1;ceres denuncia protectorado chileno, C&#xE1;ceres y los chilenos, Exhortaci&#xF3;n de C&#xE1;ceres, C&#xE1;ceres declara nulo actos de la administraci&#xF3;n de iglesias.</subfield>
  </datafield>
  <datafield tag="526" ind1=" " ind2=" ">
    <subfield code="a">P136</subfield>
  </datafield>
  <datafield tag="526" ind1=" " ind2=" ">
    <subfield code="a">P135</subfield>
  </datafield>
  <datafield tag="526" ind1=" " ind2=" ">
    <subfield code="a">P134</subfield>
  </datafield>
  <datafield tag="526" ind1=" " ind2=" ">
    <subfield code="a">P133</subfield>
  </datafield>
  <datafield tag="526" ind1=" " ind2=" ">
    <subfield code="a">P144</subfield>
  </datafield>
  <datafield tag="526" ind1=" " ind2=" ">
    <subfield code="a">P143</subfield>
  </datafield>
  <datafield tag="526" ind1=" " ind2=" ">
    <subfield code="a">P87</subfield>
  </datafield>
  <datafield tag="526" ind1=" " ind2=" ">
    <subfield code="a">P35</subfield>
  </datafield>
  <datafield tag="526" ind1=" " ind2=" ">
    <subfield code="a">P20</subfield>
  </datafield>
  <datafield tag="526" ind1=" " ind2=" ">
    <subfield code="a">P14</subfield>
  </datafield>
  <datafield tag="526" ind1=" " ind2=" ">
    <subfield code="a">P10</subfield>
  </datafield>
  <datafield tag="526" ind1=" " ind2=" ">
    <subfield code="a">P06</subfield>
  </datafield>
  <datafield tag="600" ind1="1" ind2="8">
    <subfield code="a">C&#xE1;ceres, Andr&#xE9;s Avelino,</subfield>
    <subfield code="d">1836-1923.</subfield>
    <subfield code="9">3350</subfield>
  </datafield>
  <datafield tag="648" ind1="2" ind2="8">
    <subfield code="a">Bre&#xF1;a, Campa&#xF1;a de la, 1881-1883</subfield>
    <subfield code="v">Documentos y correspondencia.</subfield>
    <subfield code="9">3351</subfield>
  </datafield>
  <datafield tag="710" ind1=" " ind2=" ">
    <subfield code="a">Centro de Estudios Hist&#xF3;rico-Militares del Per&#xFA;.</subfield>
    <subfield code="9">3352</subfield>
  </datafield>
  <datafield tag="942" ind1=" " ind2=" ">
    <subfield code="2">ddc</subfield>
    <subfield code="c">BK</subfield>
  </datafield>
  <datafield tag="949" ind1=" " ind2=" ">
    <subfield code="a">985.061063 G98</subfield>
    <subfield code="w">DEWEY</subfield>
    <subfield code="c">1</subfield>
    <subfield code="i">33471</subfield>
    <subfield code="l">CCODEBUL1</subfield>
    <subfield code="m">BUL</subfield>
    <subfield code="p">00.00</subfield>
    <subfield code="r">0</subfield>
    <subfield code="s">Y</subfield>
    <subfield code="t">BOOK</subfield>
    <subfield code="u">2015-06-25</subfield>
    <subfield code="x">BIBLIOTECA</subfield>
    <subfield code="z">UNKNOWN</subfield>
    <subfield code="0">COMPRA</subfield>
    <subfield code="o">.STAFF. Colecci&#xF3;n General</subfield>
  </datafield>
  <datafield tag="980" ind1=" " ind2=" ">
    <subfield code="8">1</subfield>
    <subfield code="g">ALBERTO SANCHEZ Responsable de Automatizaci&#xF3;n</subfield>
  </datafield>
  <datafield tag="999" ind1=" " ind2=" ">
    <subfield code="c">41028</subfield>
    <subfield code="d">41028</subfield>
  </datafield>
  <datafield tag="952" ind1=" " ind2=" ">
    <subfield code="r">2025-12-03 00:00:00</subfield>
    <subfield code="i">6</subfield>
    <subfield code="l">2</subfield>
    <subfield code="o">985.061 G993c</subfield>
    <subfield code="p">33471</subfield>
    <subfield code="s">2015-08-19</subfield>
    <subfield code="t">e1</subfield>
    <subfield code="w">2015-06-25</subfield>
    <subfield code="x">FACIHED</subfield>
    <subfield code="y">BK</subfield>
    <subfield code="z">inventario-2023-12-13</subfield>
    <subfield code="1">0</subfield>
    <subfield code="2">ddc</subfield>
    <subfield code="5">0</subfield>
    <subfield code="7">0</subfield>
    <subfield code="8">GEN</subfield>
    <subfield code="f">P14</subfield>
    <subfield code="a">BUL</subfield>
    <subfield code="b">BUL</subfield>
    <subfield code="c">GEN</subfield>
    <subfield code="d">2015-06-25</subfield>
    <subfield code="e">COMPRA</subfield>
  </datafield>
</record>
